000 00298nam a22001217a 4500
008 170710b xxu||||| |||| 00| 0 eng d
041 _aeng
080 _a030
100 _a23
101 _aENC
245 _aTHE AMERICAN MEDICAL ASSOSIATION HOME ENCYCLOPEDIA
_cTODD.J.S
942 _2udc
_cBK
999 _c20118
_d20118